Normale Ansicht
MARC-Ansicht
Eintrag Personenname
001 - Kontrollnummer
- Kontrollfeld: 69046
003 - Kontrollnummer Identifier
- Kontrollfeld:
005 - Datum und Zeit der letzten Transaktion
- Kontrollfeld: 20260416123627.0
008 - Datenelemente mit fester Länge
- Kontrollfeld mit fester Länge: 260416|| aca||aabn | a|a d
040 ## - Katalogisierungsquelle
- Original-Katalogisierungsstelle:
- Übertragungsstelle:
100 ## - Ansetzung - Personenname
- Personenname: Smith J
670 ## - Datenquelle
- Quellenangabe: Work cat.: ()74074: Smith J aut, The Afterlives of Weimar Berlin - Twenty-First-Century Literature, Media, and Visual Culture - E-Book -